000 00490nam a2200181Ia 4500
008 230917s9999||||xx |||||||||||||| ||und||
020 _cRS560
040 _e251551
_aMAIN
041 _aEnglish
082 _a327 G341A(24)
100 _aGhai, U R
245 0 _aAntarrashtriya rajniti: Siddhant aur vyavahar
250 _a24th ed.
260 _aJalladhar
_bNew Academy Publishing
_c2018
300 _a562 p.
500 _a3322 20/11/2018 HBD18/7594 20/12/2018 Main Budget
942 _cBK
999 _c28959
_d28959